[Event "Gioiosa Marea op 22nd"]
[Site "Gioiosa Marea"]
[Date "2018.06.19"]
[Round "3"]
[White "Laketic, Gojko"]
[Black "Tondo, Salvatore"]
[Result "1-0"]
[WhiteElo "2348"]
[BlackElo "1872"]
[PlyCount "93"]
[EventDate "2018.06.17"]
[EventType "swiss"]
[EventRounds "9"]
[EventCountry "ITA"]
[SourceTitle "CBM 185 Extra"]
[Source "ChessBase"]
[SourceDate "2018.07.29"]
[SourceVersion "1"]
[SourceVersionDate "2018.07.29"]
[SourceQuality "1"]

1. d4 Nf6 2. Nf3 c5 3. d5 g6 4. Nc3 d6 5. e4 Bg7 6. Bb5+ Nbd7 7. a4 0-0 8. 0-0 b6 9. Re1 Ne5 10. Nxe5 dxe5 11. a5 Bd7 12. Qd3 Bxb5 13. Qxb5 Qd7 14. Bg5 Qc7 15. Bxf6 Bxf6 16. Red1 Qd6 17. axb6 axb6 18. h3 h5 19. Ra6 Rfb8 20. Rda1 Rxa6 21. Rxa6 e6 22. Qc6 Qxc6 23. dxc6 Bd8 24. Nb5 Rc8 25. Ra7 Kf8 26. Rxf7+ Kxf7 27. Nd6+ Kf8 28. Nxc8 Bc7 29. Na7 Ke7 30. Nb5 Kd8 31. Kf1 Kc8 32. Ke2 Bd8 33. Kd3 Be7 34. Kc4 Bd8 35. Nc3 Kb8 36. Kb5 Ka7 37. Na4 g5 38. b3 Bc7 39. Nb2 Kb8 40. Nc4 Ka7 41. g3 Bd8 42. Nxe5 Kb8 43. Nd7+ Ka7 44. e5 h4 45. gxh4 gxh4 46. f4 Bc7 47. Nf8 1-0

[Event "Gioiosa Marea op 22nd"]
[Site "Gioiosa Marea"]
[Date "2018.06.19"]
[Round "4"]
[White "Musso, Andrea"]
[Black "Tondo, Salvatore"]
[Result "1-0"]
[WhiteElo "2002"]
[BlackElo "1872"]
[PlyCount "81"]
[EventDate "2018.06.17"]
[EventType "swiss"]
[EventRounds "9"]
[EventCountry "ITA"]
[SourceTitle "CBM 185 Extra"]
[Source "ChessBase"]
[SourceDate "2018.07.29"]
[SourceVersion "1"]
[SourceVersionDate "2018.07.29"]
[SourceQuality "1"]

1. e4 c5 2. c3 d5 3. exd5 Qxd5 4. d4 Nf6 5. Nf3 e6 6. Be3 Be7 7. dxc5 Qxd1+ 8. Kxd1 0-0 9. Na3 Rd8+ 10. Kc2 Nc6 11. Bb5 Nd5 12. Bxc6 Nxe3+ 13. fxe3 bxc6 14. b4 f6 15. Nc4 Ba6 16. Nb2 e5 17. Rad1 Kf7 18. c4 Ke6 19. a4 Bb7 20. Nd3 Rd7 21. Nd2 Rad8 22. Nb3 g5 23. e4 h5 24. Rhf1 Ba8 25. Nb2 Rxd1 26. Nxd1 Rd7 27. g3 Bd8 28. Nc3 a6 29. h3 g4 30. h4 Kf7 31. Rd1 Rxd1 32. Nxd1 Bb7 33. Ne3 a5 34. Nf5 Bc7 35. Nd6+ Bxd6 36. cxd6 Bc8 37. Nc5 Ke8 38. bxa5 f5 39. exf5 Bxf5+ 40. Kc3 Bc8 41. a6 1-0

[Event "Arvier op 2nd"]
[Site "Arvier"]
[Date "2015.08.01"]
[Round "7"]
[White "Ciuffoletti, Paolo"]
[Black "Tondo, Salvatore"]
[Result "1-0"]
[WhiteElo "2171"]
[BlackElo "1891"]
[PlyCount "59"]
[EventDate "2015.07.26"]
[EventType "swiss"]
[EventRounds "7"]
[EventCountry "ITA"]
[SourceTitle "EXT 2016"]
[Source "ChessBase"]
[SourceDate "2015.10.08"]
[SourceVersion "1"]
[SourceVersionDate "2015.10.08"]
[SourceQuality "1"]

1. e4 c5 2. d4 cxd4 3. c3 dxc3 4. Nxc3 Nc6 5. Nf3 e6 6. Bc4 a6 7. 0-0 Nge7 8. Bg5 f6 9. Bh4 Ng6 10. Bg3 Na5 11. Bd3 Be7 12. Qe2 0-0 13. Rfd1 b5 14. Rac1 Bb7 15. Bb1 Bc6 16. Nd5 e5 17. h4 Rc8 18. h5 Nh8 19. Nh4 Bxd5 20. exd5 Rxc1 21. Rxc1 Nf7 22. Qd3 f5 23. Nxf5 Ng5 24. Rc8 e4 25. Rxd8 exd3 26. Nxe7+ Kf7 27. Rxf8+ Kxf8 28. Bxd3 Kxe7 29. Bh4 Kd6 30. Bxg5 1-0

[Event "Arvier op 2nd"]
[Site "Arvier"]
[Date "2015.07.27"]
[Round "2"]
[White "Tondo, Salvatore"]
[Black "Nester, Ihor"]
[Result "0-1"]
[WhiteElo "1891"]
[BlackElo "2268"]
[PlyCount "90"]
[EventDate "2015.07.26"]
[EventType "swiss"]
[EventRounds "7"]
[EventCountry "ITA"]
[SourceTitle "EXT 2016"]
[Source "ChessBase"]
[SourceDate "2015.10.08"]
[SourceVersion "1"]
[SourceVersionDate "2015.10.08"]
[SourceQuality "1"]

1. e4 d6 2. d4 Nf6 3. Nc3 e5 4. d5 Be7 5. g3 c6 6. Bg2 Nbd7 7. Nge2 Nb6 8. Bg5 0-0 9. Bxf6 Bxf6 10. 0-0 Qc7 11. Rc1 Bg5 12. f4 Bf6 13. Qd3 cxd5 14. exd5 exf4 15. Nxf4 Nc4 16. Ne4 Bxb2 17. Rce1 Bf5 18. Kh1 Kh8 19. Qf3 Bxe4 20. Rxe4 Nd2 21. Ne6 Qa5 22. Qf5 Nxe4 23. Nxf8 Nxg3+ 24. hxg3 Rxf8 25. Qd7 Kg8 26. Qxd6 Qd2 27. Qf4 Qxf4 28. gxf4 Ba3 29. Re1 b6 30. Re2 g6 31. f5 Kg7 32. Rd2 Bd6 33. Bf3 Re8 34. Kg2 Re5 35. Bg4 h5 36. Bh3 Re3 37. Rd3 Rxd3 38. cxd3 g5 39. Kf2 Kf6 40. Bg2 Kxf5 41. Be4+ Kf4 42. Bh7 g4 43. Bg8 f5 44. Be6 h4 45. Kg2 h3+ 0-1

[Event "Nicolosi Etna op 1st"]
[Site "Nicolosi"]
[Date "2014.12.08"]
[Round "6"]
[White "Manakova, Maria"]
[Black "Tondo, Salvatore"]
[Result "1-0"]
[WhiteElo "2352"]
[BlackElo "1895"]
[PlyCount "61"]
[EventDate "2014.12.05"]
[EventType "swiss"]
[EventRounds "7"]
[EventCountry "ITA"]
[SourceTitle "CBM 163 Extra"]
[Source "ChessBase"]
[SourceDate "2014.12.23"]
[SourceVersion "1"]
[SourceVersionDate "2014.12.23"]
[SourceQuality "1"]

1. e4 c5 2. f4 Nc6 3. Nf3 g6 4. Nc3 Bg7 5. Be2 e6 6. 0-0 d6 7. d3 Nge7 8. Be3 Nd4 9. Qd2 Nec6 10. Nd1 Nxf3+ 11. Bxf3 Nd4 12. Bg4 f5 13. Bh3 b6 14. c3 Nc6 15. Nf2 d5 16. exd5 exd5 17. d4 c4 18. g3 0-0 19. Bg2 Bb7 20. Nh3 Qf6 21. Bxd5+ Kh8 22. Ng5 Na5 23. Bxb7 Nxb7 24. d5 Nc5 25. Bxc5 bxc5 26. Rfe1 Rfe8 27. Rxe8+ Rxe8 28. Re1 Rxe1+ 29. Qxe1 h6 30. Qe8+ Bf8 31. d6 1-0

[Event "Terre degli Elimi op 4th"]
[Site "Erice"]
[Date "2013.07.26"]
[Round "4"]
[White "Valguarnera, Girolamo"]
[Black "Tondo, Salvatore"]
[Result "1-0"]
[WhiteElo "2086"]
[BlackElo "1935"]
[PlyCount "153"]
[EventDate "2013.07.24"]
[EventType "swiss"]
[EventRounds "7"]
[EventCountry "ITA"]
[SourceTitle "EXT 2015"]
[Source "ChessBase"]
[SourceDate "2014.11.20"]
[SourceVersion "1"]
[SourceVersionDate "2014.11.20"]
[SourceQuality "1"]

1. Nf3 c5 2. g3 Nc6 3. Bg2 e5 4. d3 g6 5. 0-0 Bg7 6. Nbd2 Nge7 7. e4 d6 8. a4 a5 9. Nc4 h6 10. Nh4 g5 11. Nf3 Ng6 12. Ne3 Nce7 13. c3 Be6 14. d4 Qc7 15. dxe5 dxe5 16. Nd5 Nxd5 17. exd5 Rd8 18. c4 0-0 19. Nd2 Bd7 20. Qh5 Qc8 21. h3 Bf5 22. Ne4 Bxe4 23. Bxe4 Rd6 24. Bg2 f5 25. Bd2 b6 26. Ra3 Qd7 27. Re1 e4 28. h4 g4 29. Bxh6 Ne5 30. Bf4 Nxc4 31. Bxd6 Qxd6 32. Ra2 Nxb2 33. Rb1 Nd3 34. Qg5 Qxd5 35. Re2 Qc6 36. h5 Nb4 37. Bf1 Kh8 38. Qe7 c4 39. Rd2 c3 40. Rd6 Re8 41. Rd8 Rxd8 42. Qxd8+ Kh7 43. Bb5 Qf6 44. Qc8 c2 45. Rf1 Bh6 46. Be8 Bg7 47. Bg6+ Kh6 48. Bxf5 Nd3 49. Bxg4 c1Q 50. Rxc1 Nxc1 51. Qxc1+ Kh7 52. Qc2 Qd4 53. Bf5+ Kh6 54. Bxe4 Kxh5 55. Kg2 Kg5 56. Bc6 Kf6 57. Be4 Bf8 58. Qc6+ Bd6 59. Bd5 Ke7 60. f4 Qb2+ 61. Kf3 Bc5 62. Qe6+ Kd8 63. Kg4 Qg7+ 64. Kh3 Qh8+ 65. Kg2 Qb2+ 66. Kf3 Qc3+ 67. Kg4 Qg7+ 68. Kf5 Qh7+ 69. Ke5 Qg7+ 70. Qf6+ Qxf6+ 71. Kxf6 Ke8 72. g4 Kf8 73. Kg6 Bd4 74. f5 Ke7 75. g5 Be5 76. f6+ Kf8 77. Kf5 1-0

[Event "Terre degli Elimi op 4th"]
[Site "Erice"]
[Date "2013.07.24"]
[Round "1"]
[White "Tondo, Salvatore"]
[Black "Georgiev, Vladimir"]
[Result "0-1"]
[WhiteElo "1935"]
[BlackElo "2544"]
[PlyCount "64"]
[EventDate "2013.07.24"]
[EventType "swiss"]
[EventRounds "7"]
[EventCountry "ITA"]
[SourceTitle "EXT 2015"]
[Source "ChessBase"]
[SourceDate "2014.11.20"]
[SourceVersion "1"]
[SourceVersionDate "2014.11.20"]
[SourceQuality "1"]

1. Nf3 c5 2. g3 Nc6 3. Bg2 e5 4. e4 g6 5. d3 Bg7 6. Nc3 Nge7 7. Be3 d6 8. Qd2 h6 9. Ne2 g5 10. c3 f5 11. exf5 Nxf5 12. h3 Be6 13. g4 Nxe3 14. Qxe3 Qb6 15. 0-0 0-0 16. a3 Ne7 17. c4 Rae8 18. Rab1 Qc7 19. Nc3 Ng6 20. Nb5 Qd7 21. Nxa7 Nf4 22. Nh2 e4 23. Bxe4 Bd4 24. Qd2 Nxh3+ 25. Kg2 Nf4+ 26. Kg3 d5 27. cxd5 Bxd5 28. f3 b6 29. Bxd5+ Nxd5 30. b4 Qxa7 31. Qa2 Qf7 32. bxc5 Bxc5 0-1

[Event "Messina op-A 1st"]
[Site "Messina"]
[Date "2011.08.30"]
[Round "4"]
[White "Tondo, Salvatore"]
[Black "Spina, Simonpietro"]
[Result "1-0"]
[WhiteElo "1920"]
[BlackElo "1805"]
[PlyCount "29"]
[EventDate "2011.08.28"]
[EventType "swiss"]
[EventRounds "9"]
[EventCountry "ITA"]
[SourceTitle "CBM 144 Extra"]
[Source "ChessBase"]
[SourceDate "2011.10.28"]
[SourceVersion "1"]
[SourceVersionDate "2011.10.28"]
[SourceQuality "1"]

1. d4 Nf6 2. Nf3 g6 3. Nbd2 Bg7 4. e4 d6 5. Bd3 Bg4 6. c3 Nc6 7. h3 Bxf3 8. Nxf3 Nd7 9. 0-0 0-0 10. Bg5 Re8 11. Qd2 Qc8 12. Nh2 Nf6 13. f4 e5 14. fxe5 dxe5 15. Bxf6 1-0

[Event "Sicilia Regional-ch"]
[Site "Erice"]
[Date "2009.06.02"]
[Round "6"]
[White "Valguarnera, Girolamo"]
[Black "Tondo, Salvatore"]
[Result "1-0"]
[WhiteElo "2127"]
[BlackElo "1905"]
[PlyCount "74"]
[EventDate "2009.05.30"]
[EventType "swiss"]
[EventRounds "7"]
[EventCountry "ITA"]
[SourceTitle "EXT 2011"]
[Source "ChessBase"]
[SourceDate "2010.11.26"]
[SourceVersion "1"]
[SourceVersionDate "2010.11.26"]
[SourceQuality "1"]

1. e4 c5 2. Nf3 Nc6 3. d4 cxd4 4. Nxd4 e5 5. Nb5 a6 6. Nd6+ Bxd6 7. Qxd6 Qf6 8. Qd1 Qg6 9. Nc3 d5 10. Nxd5 Qxe4+ 11. Ne3 Nf6 12. Bd3 Qb4+ 13. c3 Qe7 14. 0-0 0-0 15. Qe2 h6 16. b4 e4 17. Bc4 Ne5 18. Nd5 Nxd5 19. Bxd5 Bf5 20. Be3 Ng4 21. h3 Nxe3 22. Qxe3 Rfe8 23. Qf4 Bg6 24. Rfe1 Rad8 25. Rad1 Kh7 26. Rd4 f5 27. Re3 Rd6 28. g4 Rf6 29. Rg3 fxg4 30. Qxg4 Ref8 31. h4 Bf5 32. Bxe4 Kh8 33. Bxf5 Rxf5 34. f4 Qf6 35. Rd7 Rf7 36. Rxf7 Qxf7 37. Rf3 Kh7 1-0

[Event "Sicilia Regional-ch"]
[Site "Erice"]
[Date "2009.06.01"]
[Round "5"]
[White "Tondo, Salvatore"]
[Black "Meli, Massimo"]
[Result "1-0"]
[WhiteElo "1905"]
[BlackElo "1908"]
[PlyCount "65"]
[EventDate "2009.05.30"]
[EventType "swiss"]
[EventRounds "7"]
[EventCountry "ITA"]
[SourceTitle "EXT 2011"]
[Source "ChessBase"]
[SourceDate "2010.11.26"]
[SourceVersion "1"]
[SourceVersionDate "2010.11.26"]
[SourceQuality "1"]

1. e4 e5 2. Nf3 Nc6 3. Bb5 a6 4. Bxc6 dxc6 5. Nc3 Qd6 6. d4 exd4 7. Qxd4 Be6 8. Be3 c5 9. Qd2 0-0-0 10. 0-0-0 Be7 11. Qe2 Qb6 12. Rxd8+ Bxd8 13. Rd1 Be7 14. Nd2 Qd6 15. f4 Qc6 16. f5 Bd7 17. Nd5 Bf6 18. Nb3 Qa4 19. Nxf6 Nxf6 20. e5 Bb5 21. Qf3 Bc6 22. Qg3 Nh5 23. Qg5 c4 24. Rd4 Qxa2 25. Rxc4 g6 26. g4 a5 27. gxh5 a4 28. Qf6 Re8 29. Nd2 Qa1+ 30. Nb1 Bd5 31. Rxc7+ Kxc7 32. Qd6+ Kc8 33. Bb6 1-0

[Event "Siracusa op 2nd"]
[Site "Siracusa"]
[Date "2007.09.04"]
[Round "3"]
[White "Tumino, Andrea"]
[Black "Tondo, Salvatore"]
[Result "0-1"]
[WhiteElo "1637"]
[BlackElo "1915"]
[PlyCount "102"]
[EventDate "2007.09.02"]
[EventType "swiss"]
[EventRounds "9"]
[EventCountry "ITA"]
[SourceTitle "EXT 2010"]
[Source "ChessBase"]
[SourceDate "2010.11.25"]
[SourceVersion "1"]
[SourceVersionDate "2010.11.25"]
[SourceQuality "1"]

1. e4 c5 2. Nf3 Nc6 3. d4 cxd4 4. Nxd4 e5 5. Nf3 Bb4+ 6. c3 Be7 7. Bc4 Nf6 8. 0-0 0-0 9. Re1 d6 10. h3 Na5 11. Bd3 Be6 12. Na3 Rc8 13. Bd2 a6 14. Nc2 b5 15. Nb4 Qb6 16. Bg5 Nc6 17. Nxc6 Rxc6 18. Bc2 b4 19. Ba4 Rc7 20. cxb4 Qxb4 21. a3 Qxb2 22. Re2 Qb7 23. Rb1 Qc8 24. Bb3 Bxb3 25. Qxb3 h6 26. Bxf6 Bxf6 27. Rd2 Be7 28. Nh2 Rc3 29. Qb7 Qxb7 30. Rxb7 Re8 31. Ng4 Rxa3 32. Ne3 Bg5 33. Re2 Bxe3 34. fxe3 Rc8 35. Kf2 a5 36. Rd2 Rc6 37. Ra7 a4 38. Rb2 Rb3 39. Ra2 a3 40. R2xa3 Rxa3 41. Rxa3 g6 42. g4 Kg7 43. Kf3 Kf6 44. Rd3 Kg5 45. Kg3 f5 46. Rd2 f4+ 47. exf4+ exf4+ 48. Kg2 Kf6 49. h4 Ke5 50. Re2 Rc3 51. Rd2 Rg3+ 0-1

[Event "Siracusa op"]
[Site "Siracusa"]
[Date "2006.09.29"]
[Round "8"]
[White "Nielsen, Jorgen Kamp"]
[Black "Tondo, Salvatore"]
[Result "0-1"]
[WhiteElo "1697"]
[BlackElo "2029"]
[PlyCount "44"]
[EventDate "2006.09.23"]
[EventType "swiss"]
[EventRounds "9"]
[EventCountry "ITA"]
[SourceTitle "EXT 2011"]
[Source "ChessBase"]
[SourceDate "2010.11.26"]
[SourceVersion "1"]
[SourceVersionDate "2010.11.26"]
[SourceQuality "1"]

1. e4 c5 2. f4 d6 3. Nf3 Nc6 4. Bc4 e6 5. Nc3 Nf6 6. d3 Be7 7. 0-0 0-0 8. Bb3 Na5 9. Qe1 Nxb3 10. axb3 Nd7 11. Qg3 f5 12. h4 Nf6 13. exf5 exf5 14. Nd1 Nh5 15. Qe1 Re8 16. Be3 b6 17. g3 Bb7 18. Kh2 Bf6 19. Qf2 a5 20. c4 Qd7 21. Nc3 Bxc3 22. bxc3 Nf6 0-1

[Event "Siracusa op"]
[Site "Siracusa"]
[Date "2006.09.25"]
[Round "3"]
[White "Tondo, Salvatore"]
[Black "Moscarelli, Giacomo"]
[Result "1/2-1/2"]
[WhiteElo "2029"]
[BlackElo "1661"]
[PlyCount "137"]
[EventDate "2006.09.23"]
[EventType "swiss"]
[EventRounds "9"]
[EventCountry "ITA"]
[SourceTitle "EXT 2011"]
[Source "ChessBase"]
[SourceDate "2010.11.26"]
[SourceVersion "1"]
[SourceVersionDate "2010.11.26"]
[SourceQuality "1"]

1. e4 e6 2. d4 d5 3. e5 c5 4. c3 Nc6 5. Nf3 Nge7 6. Bd3 Qb6 7. 0-0 Bd7 8. dxc5 Qxc5 9. Bf4 Ng6 10. Bg3 Qb6 11. Qe2 Be7 12. Re1 Rc8 13. h4 Qd8 14. h5 Nh4 15. Nbd2 h6 16. Nb3 a6 17. Nxh4 Bxh4 18. Qg4 Bxg3 19. Qxg7 Bxe5 20. Rxe5 Ke7 21. Re3 Qg8 22. Rg3 Qxg7 23. Rxg7 Rcg8 24. Rxg8 Rxg8 25. Nc5 Bc8 26. b4 Kd6 27. Be2 Ne5 28. Rd1 Kc6 29. f3 b5 30. a4 Nc4 31. axb5+ axb5 32. Ra1 Kb6 33. Ra8 Rd8 34. Kf2 Nd6 35. g4 e5 36. Ke3 d4+ 37. cxd4 exd4+ 38. Kxd4 Nb7+ 39. Kc3 Nxc5 40. bxc5+ Kxc5 41. Bd3 b4+ 42. Kc2 Kd4 43. Be4 b3+ 44. Kb2 Kc4 45. Ra4+ Kb5 46. Ra8 Kb6 47. Kxb3 Be6+ 48. Kc3 Rxa8 49. Bxa8 Kc5 50. Kd3 Kd6 51. Kd4 Bb3 52. Be4 Ke6 53. Ke3 Kf6 54. Kf4 Be6 55. Kg3 Kg7 56. Bf5 Bb3 57. f4 f6 58. Kf2 Bd5 59. Ke3 Bb3 60. Bd3 Bd1 61. Be2 Bc2 62. Bd3 Bd1 63. Be2 Bc2 64. Kf2 Be4 65. Kg3 Bd5 66. Bd3 Bb3 67. Kh4 Bd1 68. Bf5 Be2 69. g5 1/2-1/2

[Event "Siracusa op"]
[Site "Siracusa"]
[Date "2006.09.24"]
[Round "2"]
[White "Cultrera, Salvatore"]
[Black "Tondo, Salvatore"]
[Result "1-0"]
[WhiteElo "1693"]
[BlackElo "2029"]
[PlyCount "32"]
[EventDate "2006.09.23"]
[EventType "swiss"]
[EventRounds "9"]
[EventCountry "ITA"]
[SourceTitle "EXT 2011"]
[Source "ChessBase"]
[SourceDate "2010.11.26"]
[SourceVersion "1"]
[SourceVersionDate "2010.11.26"]
[SourceQuality "1"]

1. d4 c5 2. c3 e6 3. Nf3 Nf6 4. Bg5 Be7 5. Nbd2 d5 6. Qa4+ Nbd7 7. dxc5 Bxc5 8. e3 0-0 9. Bd3 h6 10. Bh4 Bd6 11. 0-0 Nc5 12. Qc2 Nxd3 13. Qxd3 a6 14. Rfd1 b6 15. c4 Be7 16. cxd5 Nxd5 1-0

[Event "Letojanni op 1st"]
[Site "Letojanni"]
[Date "2001.12.27"]
[Round "6"]
[White "Pircher, Karl"]
[Black "Tondo, Salvatore"]
[Result "1-0"]
[WhiteElo "2067"]
[BlackElo "1779"]
[PlyCount "51"]
[EventDate "2001.12.22"]
[EventType "swiss"]
[EventRounds "9"]
[EventCountry "ITA"]
[SourceTitle "EXT 2007"]
[Source "ChessBase"]
[SourceDate "2006.11.23"]
[SourceVersion "1"]
[SourceVersionDate "2006.11.23"]
[SourceQuality "1"]

1. d4 d5 2. c4 e6 3. Nc3 Nf6 4. Bg5 Be7 5. e3 Nbd7 6. Nf3 h6 7. Bh4 0-0 8. Rc1 c6 9. Bd3 dxc4 10. Bxc4 Re8 11. 0-0 Nd5 12. Bg3 N7f6 13. Bd3 Nh5 14. Be5 Nhf6 15. h3 Bd6 16. Bb1 g6 17. Ne2 Bxe5 18. Nxe5 Nd7 19. Nf3 Qf6 20. Ng3 e5 21. Ne4 Qe7 22. dxe5 Nxe5 23. Nd4 Kg7 24. Qc2 Be6 25. f4 f5 26. Ng3 1-0

[Event "Letojanni op 1st"]
[Site "Letojanni"]
[Date "2001.12.26"]
[Round "5"]
[White "Tondo, Salvatore"]
[Black "Antoniacci, Ricardo"]
[Result "1-0"]
[WhiteElo "1779"]
[BlackElo "1735"]
[PlyCount "114"]
[EventDate "2001.12.22"]
[EventType "swiss"]
[EventRounds "9"]
[EventCountry "ITA"]
[SourceTitle "EXT 2007"]
[Source "ChessBase"]
[SourceDate "2006.11.23"]
[SourceVersion "1"]
[SourceVersionDate "2006.11.23"]
[SourceQuality "1"]

1. e4 c5 2. d4 cxd4 3. c3 d3 4. Bxd3 Nc6 5. c4 g6 6. Nc3 Bg7 7. Nge2 Nf6 8. 0-0 0-0 9. Bf4 Qa5 10. Qd2 d6 11. Bh6 Bxh6 12. Qxh6 Ne5 13. Rad1 Be6 14. b3 Neg4 15. Qd2 Qe5 16. Qf4 Qa5 17. h3 Nh5 18. Qd2 Ne5 19. Nd5 Qd8 20. Bb1 f6 21. f4 Nf7 22. Nd4 Bd7 23. Nf3 e6 24. Nc3 Qb6+ 25. Kh2 Bc6 26. g4 Ng7 27. Qd4 Qa5 28. Rd3 e5 29. Qf2 exf4 30. Nd5 Ne6 31. Nxf6+ Kg7 32. Qb2 Ne5 33. Nd5 Rae8 34. Nxe5 dxe5 35. Qxe5+ Kh6 36. Qb2 Ng5 37. h4 Nxe4 38. g5+ Kh5 39. Qe2+ f3 40. Rdxf3 Nc3 41. Qd3 Re2+ 42. Kg3 Ne4+ 43. Kh3 Bd7+ 44. Rf5 Rxf5 45. Qxe2+ Rf3+ 46. Kh2 Qd2 47. Qxd2 Nxd2 48. Rxf3 Nxf3+ 49. Kg3 Nxh4 50. Nf6+ Kxg5 51. Nxd7 Nf5+ 52. Bxf5 Kxf5 53. c5 g5 54. b4 Ke6 55. Nf8+ Kd5 56. Nxh7 Kc4 57. a3 Kb3 1-0

[Event "Letojanni op 1st"]
[Site "Letojanni"]
[Date "2001.12.22"]
[Round "1"]
[White "Tondo, Salvatore"]
[Black "Hocevar, Nikola"]
[Result "1/2-1/2"]
[WhiteElo "1779"]
[BlackElo "2169"]
[PlyCount "31"]
[EventDate "2001.12.22"]
[EventType "swiss"]
[EventRounds "9"]
[EventCountry "ITA"]
[SourceTitle "EXT 2007"]
[Source "ChessBase"]
[SourceDate "2006.11.23"]
[SourceVersion "1"]
[SourceVersionDate "2006.11.23"]
[SourceQuality "1"]

1. e4 c5 2. c3 d5 3. exd5 Qxd5 4. d4 Nc6 5. Nf3 Bg4 6. Be2 cxd4 7. cxd4 e6 8. Nc3 Bb4 9. Bd2 Qd8 10. a3 Bd6 11. Bg5 Nge7 12. 0-0 0-0 13. d5 exd5 14. Nxd5 Be6 15. Nxe7+ Bxe7 16. Qxd8 1/2-1/2

[Event "Caorle op-B"]
[Site "Caorle"]
[Date "1991.07.09"]
[Round "4.17"]
[White "Genna, Jose Miguel"]
[Black "Tondo, Salvatore"]
[Result "1-0"]
[WhiteElo "1982"]
[BlackElo "1842"]
[PlyCount "53"]
[EventDate "1991.07.05"]
[EventType "swiss"]
[EventRounds "8"]
[EventCountry "ITA"]
[SourceTitle "EXT 2023"]
[Source "ChessBase"]
[SourceDate "2022.10.05"]
[SourceVersion "1"]
[SourceVersionDate "2022.10.05"]
[SourceQuality "1"]

1. e4 c5 2. Nf3 Nc6 3. d4 cxd4 4. Nxd4 e5 5. Nb5 a6 6. Nd6+ Bxd6 7. Qxd6 Qf6 8. Qd3 Nge7 9. Nc3 0-0 10. Be3 b5 11. 0-0-0 d5 12. Nxd5 Nxd5 13. exd5 Bf5 14. Qd2 Nd8 15. Bd3 Bxd3 16. Qxd3 Qd6 17. Qc3 Nb7 18. Qc6 Qxc6 19. dxc6 Na5 20. c7 Nc4 21. Bc5 Rfe8 22. Rd7 Na5 23. Rhd1 Nb7 24. Bb6 Kf8 25. c8Q Raxc8 26. Rxb7 g6 27. Rdd7 1-0

[Event "Caorle op-B"]
[Site "Caorle"]
[Date "1991.07.08"]
[Round "3.33"]
[White "Tondo, Salvatore"]
[Black "Pompili, Ugo"]
[Result "1-0"]
[WhiteElo "1842"]
[BlackElo "1746"]
[PlyCount "59"]
[EventDate "1991.07.05"]
[EventType "swiss"]
[EventRounds "8"]
[EventCountry "ITA"]
[SourceTitle "EXT 2023"]
[Source "ChessBase"]
[SourceDate "2022.10.05"]
[SourceVersion "1"]
[SourceVersionDate "2022.10.05"]
[SourceQuality "1"]

1. Nf3 f5 2. b4 Nf6 3. Bb2 e6 4. a3 b6 5. c4 Bb7 6. e3 Be7 7. Be2 0-0 8. 0-0 Qe8 9. d4 Ne4 10. d5 exd5 11. cxd5 Bf6 12. Bxf6 Nxf6 13. Nc3 d6 14. Re1 c5 15. dxc6 Nxc6 16. Qxd6 Rd8 17. Qf4 Ne4 18. Red1 Rxd1+ 19. Rxd1 Nxc3 20. Qc4+ Kh8 21. Qxc3 f4 22. Qd3 fxe3 23. Qxe3 Qa8 24. Qg5 Qe8 25. Bd3 Nb8 26. Re1 Qc8 27. Re7 Qc3 28. Rxb7 h6 29. Qe5 Qc1+ 30. Bf1 1-0

[Event "Caorle op-B"]
[Site "Caorle"]
[Date "1991.07.06"]
[Round "1.3"]
[White "Tondo, Salvatore"]
[Black "Pagnutti, Lorenzo"]
[Result "0-1"]
[WhiteElo "1842"]
[BlackElo "2060"]
[PlyCount "69"]
[EventDate "1991.07.05"]
[EventType "swiss"]
[EventRounds "8"]
[EventCountry "ITA"]
[SourceTitle "EXT 2023"]
[Source "ChessBase"]
[SourceDate "2022.10.05"]
[SourceVersion "1"]
[SourceVersionDate "2022.10.05"]
[SourceQuality "1"]

1. Nf3 d5 2. b4 Nf6 3. e3 e6 4. a3 c5 5. bxc5 Bxc5 6. d4 Bd6 7. Nbd2 Nc6 8. Bb2 Qe7 9. Ne5 0-0 10. c4 Nd7 11. Nxc6 bxc6 12. c5 Bc7 13. Be2 e5 14. 0-0 e4 15. f4 exf3 16. Nxf3 Qxe3+ 17. Kh1 Nf6 18. Bc1 Qe8 19. Qc2 Ne4 20. Bd3 f5 21. Bb2 Qh5 22. Bxe4 fxe4 23. Ne5 Ba6 24. Rxf8+ Rxf8 25. Bc3 e3 26. Rg1 Bb5 27. Qc1 e2 28. Qe3 Rf1 29. Be1 Qf5 30. Nf3 Qf7 31. Bd2 h6 32. Be1 Bf4 33. Qc3 Qh5 34. Nh4 g5 35. g3 0-1